Esau's plant anatomy: Meristems, cells, and tissues of the plant body: Their structure, function and development (Record no. 42760)

MARC details
000 -LEADER
fixed length control field 00439nam a2200145Ia 4500
020 ## - INTERNATIONAL STANDARD BOOK NUMBER
ISBN :0471738433
082 ## - DEWEY DECIMAL CLASSIFICATION NUMBER
Classification number 581.4
Item number ESA
100 ## - MAIN ENTRY--AUTHOR NAME
Personal name Evert, Ray F
245 #0 - TITLE STATEMENT
Title Esau's plant anatomy: Meristems, cells, and tissues of the plant body: Their structure, function and development
250 ## - EDITION STATEMENT
Edition statement 3
260 ## - PUBLICATION, DISTRIBUTION, ETC. (IMPRINT)
Place of publication New Jersey
Name of publisher John Wiley & Sons
Year of publication 2006
856 ## - ELECTRONIC LOCATION AND ACCESS
Uniform Resource Identifier file:///C:/Users/lib/Downloads/2.pdf
942 ## - ADDED ENTRY ELEMENTS (KOHA)
Koha item type Books
Holdings
Withdrawn status Lost status Damaged status Not for loan Home library Current library Date acquired Cost, normal purchase price Full call number Accession Number Koha item type
        RRII Library RRII Library 16/12/2021 159.95 581.4 ESA 23025 Books